000
00254nam a2200109Ia 4500
008
220216s9999 xx 000 0 und d
100
_a
Meenakumari T
245
0
_a
Rubber: Paalinoppam thadiyum
260
_b
Rubber
_c
2014
300
_a
12-Nov
942
_c
JS
999
_c
68189
_d
68189